00514nam a22001817a 4500003000400000020001400004082001900018245006300037260004500100300001500145440004400160546001200204650002300216650004300239700001600282700001900298700001500317OSt a052120601 a599.05bGOL/SM aSmall mammals:btheir productivity and population dynamics aLondonbCambridge University Pressc1975 axxv, 451p. aInternational Biological ProgrammevV.5 aEnglish aMammal populations aMorpho - physiological characteristics aGolley, F B aPetrusewicz, K aRyszkowski